Russkije chudožniki ot A do Ja

Bibliographic Details
Main Authors: Allenova, Jekaterina M. (Author), Borisovskaja, Natalija Anatolievna (Author), Bolodina, T. I. (Author), Gordon, Je. S. (Author), Krasilin, M. M. (Author), Levina, T. M. (Author), Nenarokomova, Irina Sergejevna (Author), Paston, E. V. (Author), Semenova, N. Ju (Author), Šatskich, Aleksandra Semenovna (Author)
Format: Book
Language:Russian
PhysicalDescription:215 s. ilustr. 30 cm
Published: Moskva Slovo 2009
ISBN:9785387000973
Subjects:

MARC

LEADER 00000nam a2200000 a 4500
001 vtls011633496
003 SK-MaSNL
005 20260301140729.0
008 170530s2009 ru a g d 000 0drus
020 |a 9785387000973  |q (viazané) 
040 |a SNK  |b slo  |c SNK  |e AACR2 
041 0 |a rus 
043 |a e-ru--- 
044 |a ru  |c RU 
072 7 |a 75  |x Maliarstvo  |2 konspekt 
080 |a 75.071.1  |2 2011 
080 |a 72/76  |2 2011 
080 |a (470+571)  |2 2011 
080 |a (031)929  |2 2011 
080 |a (084.11)  |2 2011 
245 0 0 |a Russkije chudožniki ot A do Ja  |c [avtory Je. M. Allenova, N.A. Borisovskaja, T.I. Bolodina, Je.S. Gordon, M.M. Krasilin, T.M. Levina, I.S. Nenarokomova, E.V. Paston, N.Ju. Semenova, A.S. Šatskich ; redaktory-sosaviteli N.A. Borisovskaja, Je.S. Gordon] 
260 |a Moskva  |b Slovo  |c 2009 
300 |a 215 s.  |b ilustr.  |c 30 cm 
650 0 7 |a maliari  |2 SNKPH  |9 3150 
650 0 7 |a Painters  |2 SNKPHeng  |9 99679 
650 0 7 |a výtvarné umenie  |2 SNKPH  |9 723 
650 0 7 |a Fine art  |2 SNKPHeng  |9 265088 
651 7 |a Rusko  |2 SNKPH  |9 17250 
651 7 |a Russia  |2 SNKPHeng  |9 278886 
655 7 |a biografické slovníky  |2 SNKPH  |9 51960 
655 7 |a Biographical dictionaries  |2 SNKPHeng  |9 278210 
655 7 |a obrazové publikácie  |2 SNKPH  |9 70343 
655 7 |a Pictorial works  |2 SNKPHeng  |9 284468 
700 1 |a Allenova, Jekaterina M.  |4 aut  |9 493747 
700 1 |a Borisovskaja, Natalija Anatolievna  |4 aut  |4 red  |9 493748 
700 1 |a Bolodina, T. I.  |4 aut  |9 493749 
700 1 |a Gordon, Je. S.  |4 aut  |4 red  |9 493750 
700 1 |a Krasilin, M. M.  |4 aut  |9 493751 
700 1 |a Levina, T. M.  |4 aut  |9 493752 
700 1 |a Nenarokomova, Irina Sergejevna  |4 aut  |9 493753 
700 1 |a Paston, E. V.  |4 aut  |9 493754 
700 1 |a Semenova, N. Ju.  |4 aut  |9 493755 
700 1 |a Šatskich, Aleksandra Semenovna  |4 aut  |9 493756 
919 |a 978-5-387-00097-3 
958 |a TL 
958 |a RU 
958 |a BX 
999 |c 764821  |d 766751 
952 |t snkRUS 72/76  |a SNKUST  |b SNKUST  |y PREZ  |7 0  |p 17A1259425  |o snkIB 73300  |i snk2017/13369  |8 2  |g 35.92  |0 0  |1 0  |4 0  |d 2017-05-30  |l 0  |r 2025-03-20 00:00:00  |w 2026-02-24